Statistics for Bollards of (street view) Europe

Click here to take the quiz!

General Stats

  • This quiz has been taken 94 times
  • The average score is 19 of 287

Answer Stats

Answer% Correct
Poland
50%
Estonia
44%
Belarus
38%
Slovakia
38%
Switzerland
38%
Norway
29%
Norway
29%
Montenegro
25%
Slovenia
25%
Austria
23%
Latvia
23%
San Marino
23%
Sweden
23%
United Kingdom
23%
United Kingdom
23%
Austria
21%
Czechia
21%
Greece
21%
Iceland
21%
Ireland
21%
Poland
21%
United Kingdom
21%
Austria
19%
Czechia
19%
Czechia
19%
Finland
19%
France
19%
Romania
19%
Slovakia
19%
Denmark
17%
Italy
17%
Netherlands
17%
Sweden
17%
Andorra
15%
Austria
15%
Austria
15%
France
15%
France
15%
Germany
15%
Germany
15%
Russia
15%
Slovenia
15%
United Kingdom
15%
United Kingdom
15%
United Kingdom
15%
Albania
13%
Austria
13%
Belgium
13%
Croatia
13%
Czechia
13%
Germany
13%
Hungary
13%
Ireland
13%
Italy
13%
Luxembourg
13%
Poland
13%
Slovakia
13%
Slovenia
13%
Spain
13%
Sweden
13%
Ukraine
13%
United Kingdom
13%
United Kingdom
13%
Andorra
10%
Austria
10%
Austria
10%
Belgium
10%
Belgium
10%
Denmark
10%
Denmark
10%
Estonia
10%
France
10%
Italy
10%
Luxembourg
10%
Netherlands
10%
Netherlands
10%
Slovakia
10%
United Kingdom
10%
Austria
8%
Austria
8%
Austria
8%
Austria
8%
Bulgaria
8%
France
8%
Germany
8%
Hungary
8%
Ireland
8%
Ireland
8%
Latvia
8%
Montenegro
8%
Netherlands
8%
Netherlands
8%
Romania
8%
Serbia
8%
Slovenia
8%
Spain
8%
Spain
8%
Switzerland
8%
Turkey
8%
Andorra
6%
Austria
6%
Austria
6%
Austria
6%
Austria
6%
Belgium
6%
Bulgaria
6%
Croatia
6%
Finland
6%
Hungary
6%
Ireland
6%
Ireland
6%
Isle of Man
6%
Italy
6%
Netherlands
6%
Netherlands
6%
North Macedonia
6%
North Macedonia
6%
Poland
6%
Portugal
6%
Romania
6%
Russia
6%
Russia
6%
Russia
6%
Russia
6%
Serbia
6%
Slovenia
6%
Spain
6%
Spain
6%
Sweden
6%
Switzerland
6%
Ukraine
6%
United Kingdom
6%
United Kingdom
6%
United Kingdom
6%
Albania
4%
Andorra
4%
Austria
4%
Austria
4%
Austria
4%
Belgium
4%
Faroe Islands
4%
Ireland
4%
Isle of Man
4%
Luxembourg
4%
Monaco
4%
Netherlands
4%
Netherlands
4%
Netherlands
4%
Northern Ireland, England
4%
North Macedonia
4%
Portugal
4%
Spain
4%
Spain
4%
Spain
4%
Sweden
4%
Sweden
4%
Sweden
4%
Turkey
4%
Ukraine
4%
Albania
2%
Andorra
2%
Austria
2%
Austria
2%
Austria
2%
Bulgaria
2%
Denmark
2%
France
2%
France
2%
France
2%
Germany
2%
Germany
2%
Gibraltar
2%
Ireland
2%
Ireland
2%
Italy
2%
Italy
2%
Italy
2%
Jersey
2%
Liechtenstein
2%
Liechtenstein
2%
Liechtenstein
2%
Lithuania
2%
Netherlands
2%
Norway
2%
Norway
2%
Norway
2%
Portugal
2%
Russia
2%
Serbia
2%
Spain
2%
Spain
2%
Spain
2%
Spain
2%
Sweden
2%
Sweden
2%
Turkey
2%
Ukraine
2%
Åland
0%
Albania
0%
Andorra
0%
Austria
0%
Austria
0%
Austria
0%
Austria
0%
Austria
0%
Austria
0%
Austria
0%
Austria
0%
Austria
0%
Austria
0%
Austria
0%
Belfast (Northern Ireland)
0%
Belgium
0%
Belgium
0%
Bulgaria
0%
Bulgaria
0%
Bulgaria
0%
Croatia
0%
Croatia
0%
Czechia
0%
Czechia
0%
Denmark
0%
England
0%
England
0%
England
0%
Estonia
0%
France
0%
France
0%
France
0%
France
0%
Greece
0%
Greece
0%
Greece
0%
Ireland
0%
Ireland
0%
Ireland
0%
Isle of Man
0%
Italy
0%
Italy
0%
Italy
0%
Italy
0%
Italy
0%
Jersey
0%
Jersey
0%
Lithuania
0%
Luxembourg
0%
Luxembourg
0%
Monaco
0%
Montenegro
0%
Netherlands
0%
Netherlands
0%
North Macedonia
0%
Poland
0%
Poland
0%
Poland
0%
Portugal
0%
Portugal
0%
Portugal
0%
Portugal
0%
Romania
0%
Romania
0%
Romania
0%
San Marino
0%
Slovakia
0%
Slovenia
0%
Slovenia
0%
Spain
0%
Spain
0%
Spain
0%
Spain
0%
Spain
0%
Spain
0%
Sweden
0%
Sweden
0%
Sweden
0%
Sweden
0%
Sweden
0%
Switzerland
0%
Switzerland
0%
Switzerland
0%
Switzerland
0%
Turkey
0%
Ukraine
0%
Ukraine
0%
United Kingdom
0%
United Kingdom
0%
United Kingdom
0%

Score Distribution

Percentile by Number Answered

Percent of People with Each Score

Your Score History

You have not taken this quiz